000 00433nam a22001577a 4500
020 _a9789380026497
082 _a630.
_bSHA/AG
245 _aAgriculture Diversification: Problems and Perspectives
250 _a1 st
260 _aNew Delhi
_bI.K. International Publishing House Pvt. Ltd.
_c2010
300 _a210
700 _aSharma A.K.
_91430
700 _aSeema Wahab
_91431
700 _aRashmi Srivastava
_91432
942 _cBBS
999 _c14757
_d14757